| 000 | 00656nam a2200193 a 4500 | ||
|---|---|---|---|
| 001 | 000386657 | ||
| 003 | AM-YeHGA | ||
| 005 | 20260407062955.0 | ||
| 008 | 041123s1984 ai r 000 0 rus d | ||
| 040 | _aAM-YeHGA | ||
| 041 | 0 | _arus | |
| 100 | 1 |
_aԲալայան, Զորի Հայկի, _d1935-2026 _91491 |
|
| 245 | 1 | 0 |
_aОчаг / _cЗ.Г. Балаян ; Ил. авт. |
| 260 |
_aЕреван : _bСоветакан грох, _c1984. |
||
| 300 |
_a424 с. : _bрис. ; _c20 см. |
||
| 650 | 1 | 4 |
_aАрмянская литература _xПроза |
| 700 | 1 |
_aԲալայան, Զորի Հայկի, _d1935-2026 _eхудож. _4art _91491 |
|
| 942 |
_2udc _cBK |
||
| 999 |
_c147133 _d147133 |
||